000 00330nam a2200145Ia 4500
003 SEM
008 141116s9999 xx 000 0 und d
080 _a252 Գ-47
100 _aԳևորգ Եպիսկոպոս
245 _aՔարոզգիրք
260 _aԷջմիածին
260 _c1917
300 _a200
942 _2udc
_cBK
999 _c50272
_d50272